The triumphant tale of two cities (Record no. 16357)

MARC details
000 -LEADER
fixed length control field 00829cab a2200229 4500
001 - CONTROL NUMBER
control field ABS56541
008 - FIXED-LENGTH DATA ELEMENTS--GENERAL INFORMATION
fixed length control field 090401t1997 xxu||||| |||| 00| 0 eng d
035 ## - SYSTEM CONTROL NUMBER
System control number (Sirsi) u24392
041 0# - LANGUAGE CODE
Language code of text/sound track or separate title eng
100 1# - MAIN ENTRY--PERSONAL NAME
Personal name Hirst, C.
245 04 - TITLE STATEMENT
Title The triumphant tale of two cities
260 ## - PUBLICATION, DISTRIBUTION, ETC.
Date of publication, distribution, etc. 1997
350 ## - PRICE (NR) (BK AM CF MU VM SE) [OBSOLETE]
Price 0
490 #0 - SERIES STATEMENT
Series statement Planning Week
Volume/sequential designation 5(1) 9 January 1997, 10(1)
520 ## - SUMMARY, ETC.
Summary, etc. Explains how the Sports Council's funding of the National Stadium in Wembley and a smaller stadium in Manchester will aid the urban regeneration of both areas.
520 ## - SUMMARY, ETC.
Summary, etc. This item is no longer held by the RICS Library but may be available on inter-library loan. Please ask library staff for details.
651 #4 - SUBJECT ADDED ENTRY--GEOGRAPHIC NAME
Geographic name MANCHESTER
651 #4 - SUBJECT ADDED ENTRY--GEOGRAPHIC NAME
Geographic name WEMBLEY
690 ## - LOCAL SUBJECT ADDED ENTRY--TOPICAL TERM (OCLC, RLIN)
Topical term or geographic name as entry element PROPERTY-PROPERTY MANAGEMENT-REGENERATION
942 ## - ADDED ENTRY ELEMENTS (KOHA)
Suppress in OPAC 0
948 ## - LOCAL PROCESSING INFORMATION (OCLC); SERIES PART DESIGNATOR (RLIN)
c (OCLC) 04/03/1997
Holdings
Withdrawn status Lost status Source of classification or shelving scheme Damaged status Not for loan Home library Current library Shelving location Date acquired Total Checkouts Full call number Barcode Date last seen Copy number Price effective from Koha item type
    Dewey Decimal Classification     London London Journal article 14/09/1999   ABS56541 24392-1001 06/08/2019 1 06/08/2019 Journal article